000 00932nam a2200181 a 4500
008 151223s2015 ||||||||||||||||| || u
020 _a9789211128901
050 _aUNCTAD(058)TDR/2015
110 _aUnited Nations Conference on Trade and Development (UNCTAD)
245 1 0 _aTrade and development report, 2015: making the international financial architecture work for development.
_cby United Nations Conference on Trade and Development [UNCTAD]
260 _aGeneva:
_bUnited Nations Conference on Trade and Development (UNCTAD)
_c2015
300 _axi, 187p.: ill.
650 0 _aINTERNATIONAL ECONOMIC RELATIONS--HANDBOOKS, MANUALS, E.T.C
650 0 _aECONOMIC DEVELOPMENT
650 _aCOMMERCIAL POLICY--PERIODICALS
650 0 _aINTERNATIONAL ECONOMIC RELATIONS--PERIODICALS
995 _FCBU-MAIN LIBRARY (Kitwe)
_M1
_UAVAILABLE
_WJan 8, 2016
_ZInternational Publications
999 _c60119
_d60119